Integrative Neuroscience (Record no. 8134)
[ view plain ]
| 000 -LEADER | |
|---|---|
| fixed length control field | 01377cam a22001934a 4500 |
| 005 - ΗΜΕΡΟΜΗΝΙΑ ΚΑΙ ΩΡΑ ΤΕΛΕΥΤΑΙΑΣ ΕΝΗΜΕΡΩΣΗΣ | |
| Πεδίο ελέγχου | 20250605164327.0 |
| 008 - FIXED-LENGTH DATA ELEMENTS--GENERAL INFORMATION | |
| Πεδίο ελέγχου σταθερού μήκους | 250528s ||||||||||||||||||||||||d |
| 035 ## - SYSTEM CONTROL NUMBER | |
| System control number | 23104 |
| 020 ## - ISBN | |
| ISBN | 9058230554 |
| 040 ## - ΠΗΓΗ ΚΑΤΑΛΟΓΟΓΡΑΦΗΣΗΣ | |
| Φορέας πρωτότυπης καταλογογράφησης | MC Athens Campus Library |
| Γλώσσα καταλογογράφησης | Ελληνικά, Μοντέρνα (1453-) |
| Modifying agency | MC Athens Campus Library |
| Κανόνες περιγραφικής καταλογογράφησης | AACR2 |
| 245 1# - ΤΙΤΛΟΣ ΚΑΙ ΔΗΛΩΣΗ ΥΠΕΥΘΥΝΟΤΗΤΑΣ | |
| Τίτλος | Integrative Neuroscience |
| 260 ## - PUBLICATION, DISTRIBUTION, ETC. | |
| Name of publisher, distributor, etc. | Harwood Academic Publishers, |
| Date of publication, distribution, etc. | 2000 |
| 300 ## - PHYSICAL DESCRIPTION | |
| Extent | 262 |
| 520 ## - SUMMARY, ETC. | |
| Summary, etc. | In outlining how and why it is now possible to realistically model aspects of the brain's dynamic from such a wide range of intellectual endeavors, this book will prove itself useful to undergraduates, postgraduates and all those seeking a contemporary perspective and evaluation of the current status and future directions in the brain sciences. Acknowledgements, Integrative Neuroscience: The Big Picture, Overview of Chapters, Evolution of the Human Brain, The Mind Brain Problem, A Cellular Perspective of Neural Networks, The Brain's Chemistry, The Brain's Anatomy, Sensory Motor Models of the Brain, Computer Models of the Brain, Brain Dynamics: Modelling the Whole Brain in Action, Brain Dynamics: Brain Chaos and Intentionality, Models of the Brain in Neurology, Models of the Brain in Psychology, Models of the Brain in Psychiatry, Mind Brain in Psychotherapy, Human Brain Imagine Technologies, Index. |
| 700 1# - ΠΡΟΣΘΕΤΗ ΑΝΑΓΡΑΦΗ--ΦΥΣΙΚΟ ΠΡΟΣΩΠΟ | |
| Personal name | Gordon Evian |
| 9 (RLIN) | 8658 |
| 942 ## - ADDED ENTRY ELEMENTS (KOHA) | |
| Koha item type | Books |
| Τύπος τεκμηρίου | Βιβλιοθήκη | Τρέχουσα τοποθεσία | Barcode | Αριθμός εισαγωγής | Ημερομηνία απόκτησης | Ταξιθετικό σύμβολο | Αριθμός αντιτύπου | Κατάσταση απόσυρσης | Κατάσταση χαμένου | Κατάσταση κατεστραμμένου | Μη δανεισμός | Σύνολο δανεισμών | Ημερομηνία τελευταίας εμφάνισης | Η τιμή ισχύει από |
|---|---|---|---|---|---|---|---|---|---|---|---|---|---|---|
| Books | MC Athens Campus Library | MC Athens Campus Library | 9780000081339 | 7574 | 05/06/2025 | 616.8047547 GOR | 1 | 05/06/2025 | 05/06/2025 |